Animación a la lectura / (Registro nro. 9440)

Detalles MARC
000 -LIDER
fixed length control field 00726nam a22002657a 4500
001 - NÚMERO DE CONTROL
Identificador de número de control 000210
003 - IDENTIFICACDOR DE NÚMERO DE CONTROL
control field DO-SdBNP
005 - DATE AND TIME OF LATEST TRANSACTION
control field 20180307120018.0
007 - CAMPOS FIJOS DE DESCRIPCIÓN FÍSICA
fixed length control field 000210
008 - ELEMENTOS DE LONGITUD FIJA
fixed length control field 151210b 2000 sp a 00| 0 spa d
020 ## - ISBN
International Standard Book Number 8434862956
040 ## - FUENTE DE CATALOGACIÓN
Agencia que crea de manera original el registro BPMSU
Idioma de catalogación spa
Agencia que realiza la transcripción BPMSU
092 ## - LOCALLY ASSIGNED DEWEY DECIMAL CALL NUMBER
Número de clasificación xxxx
Número de ítem (Cutter) xxxx
100 1# - ASIENTO PRINCIPAL -- NOMBRE PERSONAL
Nombre personal Sarto, Montserrat
245 10 - MENCIÓN DE TITULO
Título Animación a la lectura /
Subtítulo con nuevas estrategias
Mención de responsabilidad Montserrat Sarto ; prólogo José Antonio Marina
250 ## - MENCIÓN DE EDICION
Mención de edición 2a. ed.
260 ## - PUBLICACIÓN, DISTRIBUCIÓN, ETC. (PIE DE IMPRENTA)
Lugar de publicación, distribución, etc Madrid ;
Nombre del editor, distribuidor, etc. SM,
Fecha de publicación, distribución, etc 2000.
300 ## - DESCRIPCIÓN FÍSICA
Extensión 219 p.;
Dimensiones 28 cm.
504 ## - NOTA DE BIBLIOGRAFÍA, ETC.
Bibliography, etc Bibliografía p: 215
700 12 - ASIENTO SECUNDARIO -- NOMBRE PERSONAL
Nombre personal Marina, José Antonio
Mención de responsabilidad prol.
910 ## - VALIDACIÓN
Validación 00144
942 ## - ADDED ENTRY ELEMENTS (KOHA)
Source of classification or shelving scheme Dewey Decimal Classification
Koha item type Libros
945 ## - INFORMACIÓN DE PROCESAMIENTO LOCAL
Información de procesamiento local inventariado, 2018 / dg
956 ## - LOCAL ELECTRONIC LOCATION AND ACCESS (OCLC)
Nombre de host Yngrid Lockward
Número de acceso 10
Existencias
Withdrawn status Lost status Source of classification or shelving scheme Damaged status Not for loan Home library Current library Date acquired Source of acquisition Total Checkouts Barcode Date last seen Price effective from Koha item type
    Dewey Decimal Classification     Biblioteca Pública Metropolitana Salomé Ureña Biblioteca Pública Metropolitana Salomé Ureña 03/30/2016 Donación   BPMET16030325 03/30/2016 03/30/2016 Libros